000 00664nac a22001691u 4500
008 100906t xxu||||| |||| 00| 0 eng d
020 _a1590590066
082 _a005.133
_bH589
100 _aHetland, Magnus Lie
_918094
245 _aPractical Python /
_cMagnus Lie Hetland.
260 _aNew York :
_bApress,
_cc2002.
300 _a619 p. :
_bill. ;
_c24 cm.
500 _aIncludes index.
650 _aPython (Computer program language)
_918095
942 _cBB
_k005.133H589
_2ddc
999 _c680
_d680